Ganadores LaLiga por Provincias - Estadísticas

Estadísticas generales
  • Esta prueba ha sido intentada 112 veces
  • La puntuación promedio es 91 de 94
Estadísticas de respuestas
Temporada Provincia % Correcto
1931-1932 Madrid
100%
1932-1933 Madrid
100%
1939-1940 Madrid
100%
1940-1941 Madrid
100%
1949-1950 Madrid
100%
1950-1951 Madrid
100%
1953-1954 Madrid
100%
1954-1955 Madrid
100%
1956-1957 Madrid
100%
1957-1958 Madrid
100%
1960-1961 Madrid
100%
1961-1962 Madrid
100%
1962-1963 Madrid
100%
1963-1964 Madrid
100%
1964-1965 Madrid
100%
1965-1966 Madrid
100%
1966-1967 Madrid
100%
1967-1968 Madrid
100%
1968-1969 Madrid
100%
1969-1970 Madrid
100%
1971-1972 Madrid
100%
1972-1973 Madrid
100%
1974-1975 Madrid
100%
1975-1976 Madrid
100%
1976-1977 Madrid
100%
1977-1978 Madrid
100%
1978-1979 Madrid
100%
1979-1980 Madrid
100%
1985-1986 Madrid
100%
1986-1987 Madrid
100%
1987-1988 Madrid
100%
1988-1989 Madrid
100%
1989-1990 Madrid
100%
1994-1995 Madrid
100%
1995-1996 Madrid
100%
1996-1997 Madrid
100%
2000-2001 Madrid
100%
2002-2003 Madrid
100%
2006-2007 Madrid
100%
2007-2008 Madrid
100%
2011-2012 Madrid
100%
2013-2014 Madrid
100%
2016-2017 Madrid
100%
2019-2020 Madrid
100%
2020-2021 Madrid
100%
2021-2022 Madrid
100%
2023-2024 Madrid
100%
1928-1929 Barcelona
99%
1944-1945 Barcelona
99%
1947-1948 Barcelona
99%
1948-1949 Barcelona
99%
1951-1952 Barcelona
99%
1952-1952 Barcelona
99%
1958-1959 Barcelona
99%
1959-1960 Barcelona
99%
1973-1974 Barcelona
99%
1984-1985 Barcelona
99%
1990-1991 Barcelona
99%
1991-1992 Barcelona
99%
1992-1993 Barcelona
99%
1993-1994 Barcelona
99%
1997-1998 Barcelona
99%
1998-1999 Barcelona
99%
2004-2005 Barcelona
99%
2005-2006 Barcelona
99%
2008-2009 Barcelona
99%
2009-2010 Barcelona
99%
2010-2011 Barcelona
99%
2012-2013 Barcelona
99%
2014-2015 Barcelona
99%
2015-2016 Barcelona
99%
2017-2018 Barcelona
99%
2018-2019 Barcelona
99%
2022-2023 Barcelona
99%
2024-2025 Barcelona
99%
1941-1942 Valencia
95%
1943-1944 Valencia
95%
1946-1947 Valencia
95%
1970-1971 Valencia
95%
2001-2002 Valencia
95%
2003-2004 Valencia
95%
1934-1935 Sevilla
93%
1945-1946 Sevilla
93%
1999-2000 A Coruña
86%
1929-1930 Vizcaya
78%
1930-1931 Vizcaya
78%
1933-1934 Vizcaya
78%
1935-1936 Vizcaya
78%
1942-1943 Vizcaya
78%
1955-1956 Vizcaya
78%
1982-1983 Vizcaya
78%
1983-1984 Vizcaya
78%
1980-1981 Guipúzcoa
68%
1981-1982 Guipúzcoa
68%
No se encontraron pruebas coincidentes
Distribución de puntuación
Porcentaje de gente con cada puntuación
Porcentaje por número respondido
Historial de tus puntuaciones
No has intentado esta prueba.